000 00536nam a2200181 a 4500
005 20240920064545.0
008 991125n1988 itl 000 0 ita u
035 _aUPN01000018580
049 _aCG
050 4 _aLA11
_bR3.3
100 1 _aRavaglioli, Fabrizio
245 1 0 _aEducazione occidentale :
_bstoria, problemi e documenti : III ottocento e novecento /
_cFabrizio Ravaglioli.
260 _a[Roma] :
_bArmando,
_c[1988].
300 _a208-382 p.
500 _aFotocopia
650 4 _aEducación
_xHistoria
_96182
905 _aLibro
999 _c18580
_d18580